Países da América Central em Terra Firme - Statistics

Estatísticas Gerais
  • Esse quiz foi jogado 77 vezes
  • A pontuação média é 6 de 7
Estatísticas das Respostas
País % Correto
Honduras
96%
Panamá
94%
Costa Rica
93%
El Salvador
93%
Guatemala
93%
Belize
90%
Nicarágua
90%
Nenhum quiz correspondente encontrado
Distribuição das Pontuações
Porcentagem de Pessoas com Cada Pontuação
Percentil de Números Respondidos
Sua Pontuação Histórica
Você não jogou esse quiz